| 000 | 00686nam a2200181Ia 4500 | ||
|---|---|---|---|
| 008 | 090123s9999 xx 000 0 und d | ||
| 082 | _b37703 | ||
| 100 | _aआफळे ज्योत्स्ना | ||
| 245 | _aअशाच एखाद्या निवांत क्षणी | ||
| 250 | _a1 | ||
| 260 |
_bसाई पब्लिकेशन _c2004 |
||
| 300 | _a96 | ||
| 600 | _aआफळे ज्योत्स्ना | ||
| 630 | _aअशाच एखाद्या निवांत क्षणी | ||
| 700 | _aआफळे ज्योत्स्ना | ||
| 730 | _aअशाच एखाद्या निवांत क्षणी | ||
| 942 | _cBOOK | ||
| 999 |
_c75770 _d75770 |
||